000 00364nam a2200145Ia 4500
008 230917s9999||||xx |||||||||||||| ||und||
040 _e137474
_aMAIN
041 _aEnglish
082 _a515.352 R13O
100 _aRai, B.
245 0 _aordinary differential equations: an introduction
260 _aNew Delhi
_bNarosa
_c2005
300 _a271p p.
942 _cBK
999 _c129624
_d129624